| 000 | 00792cam a2200229 4500 | ||
|---|---|---|---|
| 001 | WB3701-01 | ||
| 008 | 000000n2000 000 0 eng u | ||
| 035 | _a(Sirsi) u110034 | ||
| 245 | _aPreventing illicit trade in cultural objects | ||
| 260 | _c2000 | ||
| 490 |
_aDCMS News Release _v(324) 18 December 2000, (6) |
||
| 520 | _aUK accession to the 1970 UNESCO Convention on illicit trade in cultural property is among the sixteen recommendations laid out in a report by the Illicit Trade Advisory Panel under the chairmanship of Professor Norman Palmer. | ||
| 590 | _aWB | ||
| 650 | _aILLICIT TRADE | ||
| 650 | _aCULTURAL OBJECTS | ||
| 650 | _aUNESCO | ||
| 650 | _aEXPORT LICENCES | ||
| 650 | _aEXPORTS | ||
| 650 | _aIMPORTS | ||
| 690 |
_aArts and antiques _96217 |
||
| 942 | _n0 | ||
| 999 |
_c65633 _d65633 |
||